Le grand Gaffiot: díctíonnaíre Latín-Franςais
Uloženo v:
| Hlavní autoři: | , |
|---|---|
| Médium: | Kniha |
| Jazyk: | latina francouzština |
| Vydáno: |
París
Hachette-Livre
2000
|
| Vydání: | 3a. ed |
| Témata: | |
| Tagy: |
Přidat tag
Žádné tagy, Buďte první, kdo vytvoří štítek k tomuto záznamu!
|
MARC
| LEADER | 00000cam a2200000 a 4500 | ||
|---|---|---|---|
| 001 | UCD1696 | ||
| 003 | CL-VaPUC | ||
| 008 | 160324e20000000fr |||||||||||||||||lat|d | ||
| 020 | |a 9782011667656 | ||
| 041 | 0 | 7 | |a lat |2 CL-VaPUC |
| 041 | 0 | 7 | |a fre |2 CL-VaPUC |
| 082 | 0 | 4 | |a 473.41 |b GAF |2 21 |
| 100 | 0 | |a Gaffiot, Félix |e author |9 584850 | |
| 700 | 0 | |a Flobert, Pierre |e author |9 584851 | |
| 245 | 1 | 3 | |a Le grand Gaffiot: díctíonnaíre Latín-Franςais |
| 250 | |a 3a. ed | ||
| 300 | |a pág. irreg | ||
| 942 | |c BK | ||
| 945 | |d 20160324 12:59:00 |a arojas | ||
| 260 | |a París |b Hachette-Livre |c 2000 | ||
| 650 | 0 | |a Latín |9 269544 | |
| 650 | 0 | |a Diccionarios |9 256200 | |
| 650 | 7 | |a FRANCES |2 CL-VaPUC |9 259059 | |
| 583 | |a last modification |c 20160324 12:59:00 |k Rodrigo Vera | ||
| 999 | |c 362967 |d 362965 | ||
| 952 | |0 0 |1 0 |3 erd |4 0 |6 473_410000000000000_GAF_2000 |7 0 |8 X |9 474622 |a BIBEDU |b BIBEDU |i 5267633 |o 473.41 GAF 2000 |p 5267633 |r 2023-01-13 |w 2019-11-24 |y BK_X |z Catalogado en:20160324 |k FIL | ||